| 000 | 00513nam a22001937a 4500 | ||
|---|---|---|---|
| 003 | OSt | ||
| 005 | 20170518104143.0 | ||
| 008 | 170329b xxu||||| |||| 00| 0 eng d | ||
| 020 | _a0534624901 | ||
| 040 |
_aMMU _beng _cMMU _dMMU |
||
| 050 | _aGN346 .M57 2005 | ||
| 100 | _aMiranda, M. L | ||
| 245 |
_aCultural anthropology : _bthe human challenge / |
||
| 250 | _a11th ed. | ||
| 260 |
_aBelmont , CA : _bThomson Warsworth, _c2005 |
||
| 300 | _a255 p.: | ||
| 650 |
_aAnthropology _9451 |
||
| 942 |
_2lcc _cLOAN LOAN |
||
| 999 |
_c26447 _d26447 |
||